| 000 | 00531nam a22001697a 4500 | ||
|---|---|---|---|
| 008 | 230712b |||||||| |||| 00| 0 eng d | ||
| 020 | _a81-7055-130-7 | ||
| 040 |
_aNational Science Library _cNational Science Library |
||
| 080 |
_a809.143.2(038)=20 _bN |
||
| 100 | _aBahari, Haridev | ||
| 245 | _aउच्चतर हिंदी अंग्रेजी कोश | ||
| 246 | _aUchchatar hindi angrezee kosh | ||
| 260 |
_aNew Delhi: _bVani, Parkshan, _c1998 |
||
| 300 | _a358p. | ||
| 650 | _aHindi | ||
| 942 |
_2udc _cHBK |
||
| 999 |
_c51966 _d51966 |
||